Verdugos : asesinatos brutales y otras historias secretas de militares /

En el marco de la incorporación de militares desertores en las filas de los grupos criminales del narcotráfico, mexicanos y guatemaltecos, por un lado; y la política antidrogas que dotó a las fuerzas armadas mexicanas de atribuciones de seguridad pública sin restricciones, por otro, la presente inve...

Descripció completa

Guardat en:
Dades bibliogràfiques
Autor principal: Pérez, Ana Lilia (autor)
Format: Llibre
Idioma:espanyol
Publicat: México : Grijalbo, 2016, c2016
Matèries:
Etiquetes: Afegir etiqueta
Sense etiquetes, Sigues el primer a etiquetar aquest registre!

MARC

LEADER 00000nam^a2200000^a^4500
001 000390390
005 20250521000000.0
009 20260310121146.439
020 |a 978-607-313-885-7 
037 |a Acervo ITESO - Biblioteca 
041 |a ESP 
082 |a 320. 97207  |b PER 
100 |a Pérez, Ana Lilia  |e (autor) 
245 1 0 |a Verdugos :  |b asesinatos brutales y otras historias secretas de militares /  |c A.L. Pérez. 
264 4 |a México :  |b Grijalbo,  |c 2016, c2016 
300 |a 283 p. 
336 |a texto  |b txt  |2 rdacontenido 
337 |a sin mediación  |b n  |2 rdamedio 
338 |a volumen  |b nc  |2 rdasoporte 
520 |a En el marco de la incorporación de militares desertores en las filas de los grupos criminales del narcotráfico, mexicanos y guatemaltecos, por un lado; y la política antidrogas que dotó a las fuerzas armadas mexicanas de atribuciones de seguridad pública sin restricciones, por otro, la presente investigación muestra las causas y los procesos (incluidos los psicopatológicos) por los que un militar (activo o criminalizado) puede convertirse en verdugo de la población civil, así como la impunidad que acompaña los delitos y la violación sistemática a los derechos humanos en México desde 2003. 
649 |a XX 
650 |a Militares Mexicanos -  |x Condiciones Psicológicas -  |x Tema Principal 
650 |a Militares Mexicanos -  |x Condiciones Sociales y Culturales 
650 |a Fuerzas Armadas -  |z México 
650 |a Víctimas -  |z México 
650 |a Corrupción -  |z México -  |x Tema Principal 
650 |a Narcotráfico -  |z México -  |x Historia -  |y 2006-2012 
650 |a Narcotráfico -  |z México -  |x Historia -  |y 2012-2018 
650 |a Asesinato -  |z México -  |x Tema Principal 
650 |a Delitos contra la Persona -  |z México 
650 |a Delitos Militares -  |z México 
650 |a Disciplina Militar -  |z México 
650 |a Poder (Ciencias Sociales) -  |z México 
650 |a Violencia -  |z México 
650 |a Seguridad Pública -  |z México 
650 |a Problemas Sociales -  |z México 
650 |a Política -  |z México -  |x Historia -  |y 2006-2012 
650 |a Política -  |z México -  |x Historia -  |y 2012-2018 
650 |a México -  |x Condiciones Políticas 
910 |a Fondo General 
920 |a Impresos - Libros 
930 |a Colección General 
905 |a 101 
901 |a 0500285137  |b IT1  |c ACC  |u 20250521 
902 |a https://opac.biblio.iteso.mx/vufind/Record/000390390